000 00463nmm a2200169Ia 4500
008 251105s9999||||xx |||||||||||||||||und||
020 _a9788446028901
041 _aspa
100 _aAlonso Burgos, Jesús
245 0 _aBlade Runner : lo que Deckard no sabía
264 _a[Madrid, España] :
_bAkal,
_c2011
300 _a112 páginas
490 _aCine
650 _aFilm studies
856 _uhttps://public.digitaliapublishing.com/a/27880
942 _cCF
999 _c82860
_d82860